Statistics for star wars who killed who

Click here to take the quiz!

General Stats

  • This quiz has been taken 104 times
  • The average score is 13 of 17

Answer Stats

person killedkiller% Correct
darth maulobi-wan kenobi
100%
greivousobi-wan kenobi
100%
palpatinedarth vader
98%
admiral ozzeldarth vader
98%
obi-wan kenobidarth vader
98%
rancorluke
98%
count dookuanakin
96%
kit fistopalpatine
94%
darth vaderpalpatine
94%
jabba the huttleia
93%
qui-gon jinndarth maul
89%
jango fettmace windu
84%
coleman treborjango fett
44%
aayla securacommander bly
34%
ig-88boba fett
33%
bultar swankoffi arana
7%
admiral piettarvel crynyd
5%

Score Distribution

Percentile by Number Answered

Percent of People with Each Score

Your Score History

You have not taken this quiz